[Event "Elitserien Allsvenskan 2017-18"]
[Site "Lund"]
[Date "2017.10.22"]
[Round "3"]
[White "Grandelius, Nils"]
[Black "Degerman, Lars"]
[Result "1/2-1/2"]
[WhiteElo "2653"]
[BlackElo "2451"]
[Annotator "TA"]
[PlyCount "119"]
[EventDate "2017.??.??"]
[EventCountry "SWE"]
[SourceTitle "playchess.com"]
[Source "ChessBase"]
[SourceQuality "1"]

{[%evp 12,119,8,0,0,0,15,18,16,13,13,14,19,18,14,0,41,-6,-14,-37,-39,-30,-26,-110,-51,-62,-56,-60,-46,-71,-17,-29,0,0,0,0,0,0,0,-15,-16,-36,-34,-56,-50,-85,-19,-40,-31,-57,-53,-57,-57,-57,-57,-57,-51,-57,-40,-64,-64,-64,-64,-69,-62,-78,-69,-64,-64,-64,-64,-73,-42,-70,-57,-96,-77,-79,-68,-72,-72,-72,-26,-72,-72,-95,-96,-100,-100,-52,-33,-33,0,-52,-52,-106,-106,-106,-56,-116,-33,-33,-33,-33,-33,-33,-33,-33,-33,-33]} 1. c4 c5 2. Nf3 Nf6 3. Nc3 Nc6 4. d4 cxd4 5. Nxd4 e6 6. a3 Be7 7. e4 O-O {A33: Symmetrical English: 2 Nf3 Nf6 3 d4 cxd4 4 Nxd4 e6 5 Nc3 Nc6} 8. Nf3 d6 (8... Qa5 9. Bd2 Qh5 10. Be2 d5 11. exd5 exd5 12. cxd5 Nxd5 13. Nd4 Qe5 14. Nxc6 bxc6 15. O-O {½-½ (47) Inarkiev,E (2702)-Gelfand,B (2729) Nazran 2017}) 9. Be2 b6 {The position is equal.} 10. O-O Bb7 11. Bf4 Ne5 12. Nd2 Rc8 13. Bg3 {[#]} Ned7 $146 ({Predecessor:} 13... g5 14. b3 Ng6 15. Re1 {0-1 (30) Kortschnoj,V (2585)-Greenfeld,A (2520) Beersheba 1992}) 14. f4 Nc5 {[%cal Rf6e4]} 15. Bf3 d5 $1 {[%cal Rd5e4]} 16. exd5 exd5 17. b4 {[#]} (17. cxd5 $11 {remains equal.} Nxd5 18. Nxd5 Bxd5 19. Rc1) 17... Ne6 (17... Nfe4 $1 $17 {[%cal Re4c3]} 18. Nxd5 Bxd5 19. cxd5 Nxd2 20. Qxd2 Nb3) 18. Nxd5 $15 Nxd5 19. cxd5 Bxd5 20. Ne4 Bc4 (20... Ba8 $17) 21. Re1 $11 {[%cal Bf1e1,Be1e3,Be3c3,Bc3c7][%mdl 32]} Nd4 {Hoping for ...f5.} 22. Bf2 Nxf3+ 23. Qxf3 Qd3 24. Re3 Qc2 $36 {[%mdl 2048] Black has good play.} 25. Rc3 Qe2 26. Rac1 Qxf3 27. gxf3 Be6 28. Rc7 a5 ({Black should try} 28... Rfd8 $17) 29. Be3 Rfe8 30. Rxc8 Rxc8 31. Rxc8+ Bxc8 32. Bxb6 axb4 33. axb4 Bxb4 $15 {[%mdl 4096] Endgame KBB-KBN} 34. Kf2 f6 35. Bc7 Bd7 36. Bd6 Ba5 37. Bc5 Kf7 38. Bd6 Bb6+ 39. Bc5 Bc7 40. Bd6 Ba5 41. Bc5 Bc6 42. Bd6 h5 43. h4 Kg6 44. Bc5 Ba4 45. Bd6 Bc2 46. Bc5 Kf7 47. Ng3 g6 48. Ne4 Ke6 49. Bd4 Bd8 50. Kg3 Be7 51. Bc5 Bd8 {[#] Strongly threatening ...Kd5.} (51... Bxe4 $5 52. Bxe7 Bxf3 $17) 52. Bd4 Bb1 53. Nc3 (53. Be3 $1 $15) 53... Bd3 $17 54. Ne4 Bc2 55. Kf2 (55. Be3 $15) 55... Be7 ({Better is} 55... f5 $17 56. Ng5+ Kd7) 56. Bc5 $1 $15 {Black is slightly better.} Bxe4 57. Bxe7 Bxf3 58. Bd8 Bc6 59. Kg3 Kf5 60. Be7 $1 {Precision: White = 45%, Black = 41%.} 1/2-1/2

[Event "Elitserien Allsvenskan 2017-18"]
[Site "Lund"]
[Date "2017.10.22"]
[Round "3"]
[White "Hammer, Jon Ludvig"]
[Black "Seo, Jung Min"]
[Result "1-0"]
[WhiteElo "2632"]
[BlackElo "2435"]
[Annotator "TA"]
[PlyCount "67"]
[EventDate "2017.??.??"]
[EventCountry "SWE"]
[SourceTitle "playchess.com"]
[Source "ChessBase"]
[SourceQuality "1"]

{[%evp 16,67,27,20,76,70,68,77,77,72,188,56,50,34,34,33,43,31,57,37,119,121,139,56,58,57,83,67,126,148,245,257,291,283,277,206,192,190,216,139,152,142,148,0,434,429,414,422,1376,792,1317,1301,1256,1230]} 1. c4 Nf6 2. g3 e6 3. Bg2 d5 4. d4 Be7 5. Nf3 c6 6. O-O O-O 7. b3 {[%cal Bb2b3,Bb3c4][%mdl 32]} b6 8. Bb2 Bb7 9. Nc3 {LiveBook: 42 Games. E06: Closed Catalan: Early deviations} dxc4 (9... Nbd7 $11 {remains equal.}) (9... Nbd7 10. Rc1 Rc8 11. Re1 Re8 12. Nd2 c5 13. e3 cxd4 14. exd4 Nf8 15. Qe2 Qd7 16. Nf3 dxc4 17. bxc4 Qc7 18. Nb5 Qb8 19. Ne5 Bxg2 20. Kxg2 a6 21. Nc3 Ng6 22. Nf3 Qa8 23. Ne4 {½-½ (23) Lysyj,I (2643)-Smirnov,P (2595) Khanty-Mansiysk 2016}) 10. bxc4 $16 c5 11. d5 $1 {White is slightly better.} exd5 {aiming for ...d4.} 12. Nh4 $146 ({Predecessor:} 12. Ne5 Qc7 13. Nxd5 Nxd5 14. cxd5 Bd6 15. Nc4 Nd7 16. e4 b5 17. Nxd6 Qxd6 {1-0 (25) Romsdal,T (2222)-Pedersen,S (2464) Copenhagen 2000}) 12... b5 (12... Nc6 $16) 13. Nxb5 ({Worse is} 13. cxb5 Qd7 $11) ({Don't play} 13. Nxd5 $6 Nxd5 14. Nf5 (14. Bxd5 Bxd5 15. Qxd5 Qxd5 $15) (14. cxd5 Bxh4 15. gxh4 Qxh4 $11) 14... Bf6 $16) ({Better is} 13. Nf5 $18) 13... Qd7 $1 $14 14. Qb3 dxc4 $1 15. Qxc4 {Hoping for Rfd1.} Bxg2 16. Nxg2 Nc6 17. Rad1 Qg4 {[#]} (17... Qe6 $14 18. Qxe6 fxe6) 18. Nf4 $1 $36 {[%mdl 2048] Black is under strong pressure.} Qf5 {[#]} 19. Nd6 (19. Bxf6 $1 $16 Qxf6 20. Nd5) 19... Bxd6 $1 $14 20. Rxd6 Ne5 21. Qc3 Rae8 ({Black should try} 21... Rfe8 $1 $14 22. f3 Rab8) 22. f3 $16 h5 (22... Qc8 $16 23. Ba3 Ned7) 23. e4 $18 Qg5 24. Bc1 h4 25. Ng2 Qh5 {Threatening ...hxg3.} 26. Nxh4 Re6 27. Nf5 Rxd6 28. Nxd6 {Black must now prevent g4.} Rd8 29. Nf5 (29. Nc4 $16 Nc6 30. Bb2) 29... Nd3 $2 {[%mdl 8192] [#]} (29... Rd1 $1 $11 {and Black stays safe.} 30. Rxd1 Nxf3+ 31. Kf1 Nxh2+ 32. Ke1 Nf3+ 33. Kf1 Nh2+ 34. Ke1 Nf3+ 35. Kf1 Nh2+) 30. Bh6 $1 {[%cal Bc1h6,Bh6g7,Bg7d4][%mdl 544]} Ne8 (30... gxh6 31. Qxf6) 31. Bxg7 c4 (31... Rd7 $142 32. Bd4 Kh7) 32. Bd4 Qg5 33. h4 Qh5 34. Qxc4 {Precision: White = 54%, Black = 29%.} 1-0

[Event "Elitserien Allsvenskan 2017-18"]
[Site "Lund"]
[Date "2017.10.22"]
[Round "3"]
[White "Neiksans, Arturs"]
[Black "Ertan, Can"]
[Result "1-0"]
[WhiteElo "2584"]
[BlackElo "2373"]
[Annotator "TA"]
[PlyCount "145"]
[EventDate "2017.??.??"]
[EventCountry "SWE"]
[SourceTitle "playchess.com"]
[Source "ChessBase"]
[SourceQuality "1"]

{[%evp 23,145,16,20,20,21,14,12,16,18,4,18,20,16,22,40,26,27,32,45,38,69,69,81,89,103,115,115,115,114,108,113,113,114,110,116,114,114,105,105,105,110,99,107,96,98,101,102,102,102,102,102,102,95,13,104,104,104,104,104,95,104,99,99,99,95,97,113,113,113,106,113,98,130,131,135,127,117,116,120,134,139,106,109,104,189,152,189,189,307,307,402,392,381,381,358,278,245,150,231,210,2179,1397,2205,1769,4842,4177,6637,10027,29944,6621,29959,29961,29953,29959,29964,29967,29973,29972,29972,29973,29972,29972,29980,29981]} 1. d4 Nf6 2. c4 e6 3. Nf3 b6 4. g3 Ba6 5. b3 Bb4+ 6. Bd2 Be7 7. Bg2 d5 8. cxd5 exd5 9. O-O {E15: Queen's Indian: 4 g3 sidelines, 4 g3 Ba6 and 4 g3 Bb7 early deviations} (9. Nc3 O-O 10. O-O Re8 11. a3 c5 12. dxc5 bxc5 13. Ne5 Bb7 14. Rc1 Na6 15. Nd3 Rc8 16. Bg5 Ne4 17. Bxe7 Qxe7 18. Nxe4 dxe4 {½-½ (28) Cheparinov,I (2688)-Navara,D (2739) Minsk 2017}) 9... Nbd7 10. Nc3 c6 11. Qc2 O-O 12. Rfd1 Rc8 {LiveBook: 5 Games} 13. a3 Re8 14. Bf4 Nh5 $146 ({Predecessor:} 14... Nf8 15. b4 Ng6 16. Bc1 Bb7 17. Bb2 Bf8 18. e3 Qd7 {0-1 (54) Goganov,A (2597)-Putka,V (2307) Minsk 2015}) 15. Bc1 Nhf6 16. Bb2 Rc7 17. Rac1 Bd6 18. e3 Nf8 19. Ne5 Bb7 20. b4 {[%cal Bb3b4,Bb4b5][%mdl 32]} Qa8 21. Qb3 Rcc8 22. b5 c5 23. dxc5 $1 Bxe5 24. c6 Bxc6 25. bxc6 Qxc6 26. Nb5 Qa8 27. Rxc8 ({Don't play} 27. Bxd5 Nxd5 28. Rxc8 Qxc8 $14) 27... Qxc8 28. Nxa7 Qc4 29. Qxc4 $1 dxc4 30. Bxe5 Rxe5 31. Nc6 Rb5 32. Ne7+ Kh8 33. Bc6 Re5 34. Rd8 g6 {next ...Kg7 is good for Black.} 35. Rxf8+ Kg7 36. Rc8 $1 Rxe7 $16 {[%mdl 4096] Endgame KRB-KRN} 37. Bb5 Ne4 {Hoping for ...Nd6.} 38. Bxc4 (38. Rxc4 $16 Nd6 39. Rb4) 38... Nd6 (38... Rd7 $1 $11 {remains equal.}) 39. Rc6 $1 {[%csl LRb6,LRd6]} Nxc4 40. Rxc4 {KR-KR} b5 41. Rb4 Ra7 42. Rb3 h5 43. Kf1 Kf6 44. Ke2 Ke6 45. Kd2 Kd6 46. Kc2 Ra4 47. Rd3+ Ke6 {[#]} 48. Kb3 $1 h4 49. Rd4 hxg3 50. hxg3 Ra8 51. Rd3 Ra4 52. Rc3 Kd6 53. Rc8 g5 (53... Ra6 $16 {keeps fighting.}) 54. Rb8 Ra5 55. Rb6+ Ke5 (55... Ke7 $142 56. Rb7+ Ke6) 56. g4 $18 f5 {[#]} 57. Rg6 $1 Ke4 58. Rxg5 f4 59. Rg8 fxe3 60. Re8+ Kf3 (60... Kf4 $16 {is a better defense.} 61. Rxe3 (61. fxe3+ Kxg4 62. Rf8 Ra6 $16) 61... Kxg4) 61. Rxe3+ ({Don't do} 61. fxe3 $6 Kxg4 62. Rf8 Ra7) 61... Kxf2 $2 (61... Kxg4 62. Kb4 Ra8 63. Kxb5 Rb8+ 64. Kc4 Rc8+ 65. Kb4 Rb8+ 66. Kc5 Rc8+ 67. Kb4 Rb8+ 68. Ka5 Ra8+ 69. Kb5 Rb8+ 70. Kc4 Ra8) 62. Rc3 Ke2 63. g5 Ra8 64. Rc5 Kd3 65. Rxb5 Rg8 66. a4 {[%cal Ba3a4,Ba4a5,Ba5a6,Ba6a7][%mdl 32]} Kd4 67. a5 {White mates.} Rg6 68. Kb4 Rc6 69. Rf5 Rg6 70. Kb5 Ke4 71. Rc5 Kd4 72. a6 Rg8 73. a7 {Precision: White = 80%, Black = 38%.} 1-0

[Event "Elitserien Allsvenskan 2017-18"]
[Site "Lund"]
[Date "2017.10.22"]
[Round "3"]
[White "Tikkanen, Hans"]
[Black "Cicak, Slavko"]
[Result "1-0"]
[WhiteElo "2516"]
[BlackElo "2512"]
[Annotator "TA"]
[PlyCount "123"]
[EventDate "2017.??.??"]
[EventCountry "SWE"]
[SourceTitle "playchess.com"]
[Source "ChessBase"]
[SourceQuality "1"]

{[%evp 19,123,64,60,59,80,75,76,77,74,78,126,120,125,117,112,18,27,30,28,16,14,24,35,23,41,8,4,0,139,135,137,129,138,138,138,138,132,132,138,136,117,127,158,128,137,114,111,86,123,67,195,201,185,189,207,197,225,172,264,253,379,372,379,368,395,384,411,403,410,389,435,384,519,508,517,512,489,401,564,553,529,523,461,422,418,390,527,552,535,453,550,533,788,798,752,682,592,592,1250,1204,1107,1203,1080,1046,834,760]} 1. d4 Nf6 2. c4 g6 3. Nc3 Bg7 4. e4 O-O 5. Nf3 d6 6. Be2 c5 7. O-O Bg4 8. d5 Bxf3 9. Bxf3 Nbd7 10. Be3 Re8 {LiveBook: 4 Games. E91: King's Indian: Classical: 6 Be2, unusual replies including 6...c5 and 6...Bg4} 11. Be2 a6 $146 ({Predecessor:} 11... e6 12. dxe6 Rxe6 13. f3 Ne5 14. Qd2 Nc6 15. Rad1 Qf8 16. Bd3 Ne8 17. Nd5 Bd4 18. Kh1 Bxe3 19. Qxe3 {0-1 (68) Haag,G (2263)-Cicak,S (2507) Germany 2015}) 12. Qc2 e6 {White is better.} 13. dxe6 Rxe6 14. Rad1 Qf8 15. f4 $1 Rae8 {[%cal Rf6e4]} 16. Bf3 Nb8 17. e5 (17. g4 $16) 17... dxe5 $11 18. f5 gxf5 19. Qxf5 Nc6 $1 20. Bxc6 Rxc6 21. Rf3 $36 {[%mdl 2048] White is more active.} Qe7 22. Nd5 Nxd5 23. cxd5 Rf6 {[#]} (23... Rd8 $1 $11 {keeps the balance.}) 24. d6 $1 $16 {[%mdl 512]} Qd8 (24... Rxd6 25. Rxd6) 25. Bg5 $1 {[%cal Rg5f6]} Rxf5 26. Bxd8 Rxf3 {[#]} 27. Be7 $1 Rf4 28. d7 Rxe7 29. d8=Q+ Bf8 30. Rd3 {[%mdl 1024] Intending Rg3+ and mate. White has strong compensation.} h5 {[#]} 31. Qc8 $1 {Threatens to win with Rd8.} f6 32. Rg3+ (32. Qxc5 Rd7 $15) 32... Kf7 33. h3 ({Don't blunder} 33. Qxc5 $2 Rd7 $19) 33... c4 34. Rf3 ({Better is} 34. Rc3 $16) 34... Rd4 (34... Bh6 $14) 35. Qf5 $18 Bg7 36. Qxh5+ Ke6 37. Qf5+ Kd6 38. b3 e4 (38... cxb3 $142 39. Rxb3 Rd7) 39. Re3 Re5 (39... b5 {was called for.} 40. Qc8 Rd1+ 41. Kh2 f5) 40. Qc8 {Black must now prevent Qd8+.} Rd3 41. Qxb7 Rxe3 42. Qxa6+ ({Stronger than} 42. Qxg7 Ke6 $11) 42... Ke7 43. Qa7+ Ke6 44. Qb6+ Kf7 45. Qxe3 {[%mdl 4096] Endgame KQ-KRB} Bf8 {aiming for ...Bc5.} 46. Kf1 Bc5 47. Qc3 cxb3 48. Qc4+ Kf8 (48... Ke7 {was necessary.} 49. axb3 Rf5+ 50. Ke2 Kd6) 49. axb3 e3 {With the idea ...e2+.} 50. Ke2 Rf5 51. b4 Rf2+ 52. Ke1 Be7 {If only Black now had time for ...Rb2....} 53. Qe4 {White is clearly winning.} Rb2 54. Qxe3 Bxb4+ 55. Kf1 Bd6 56. Qh6+ Kf7 57. Qh7+ Ke6 58. h4 {[%cal Bh3h4,Bh4h5,Bh5h6][%mdl 32]} Ke5 59. Qh5+ Ke6 60. Qg6 Be5 61. h5 Kd5 62. h6 {Precision: White = 82%, Black = 47%.} 1-0

[Event "Elitserien Allsvenskan 2017-18"]
[Site "Lund"]
[Date "2017.10.22"]
[Round "3"]
[White "Blomqvist, Erik"]
[Black "Thorn, Eric"]
[Result "1/2-1/2"]
[WhiteElo "2511"]
[BlackElo "2315"]
[Annotator "TA"]
[PlyCount "75"]
[EventDate "2017.??.??"]
[EventCountry "SWE"]
[SourceTitle "playchess.com"]
[Source "ChessBase"]
[SourceQuality "1"]

{[%evp 17,75,25,21,15,15,38,39,43,37,21,71,59,104,105,118,125,103,122,134,124,133,120,160,131,139,144,141,141,132,81,91,70,79,90,105,110,121,114,134,118,128,90,140,132,119,112,62,13,28,0,89,0,0,0,0,0,0,0,0,0]} 1. e4 e5 2. Nf3 Nc6 3. Bb5 a6 4. Ba4 Nf6 5. O-O Be7 6. d3 d6 7. c3 O-O 8. Re1 b5 9. Bc2 d5 10. Nbd2 {C84: Closed Ruy Lopez: Unusual White 6th moves} dxe4 (10... d4 11. a4 Be6 12. Nf1 b4 13. cxd4 Nxd4 14. Nxd4 Qxd4 15. Nd2 c5 16. Nf3 Qd6 17. Be3 Rfd8 {1-0 (50) Vachier Lagrave,M (2796)-Aronian,L (2793) Leuven 2017}) 11. dxe4 Bc5 12. Qe2 {White is slightly better.} Be6 13. b4 Bd6 14. a4 bxa4 $146 ({Predecessor:} 14... Bd7 15. Bd3 Rb8 16. axb5 axb5 17. Nb3 Ne7 {1-0 (35) Pavlidis,A (2529)-Djingarova,E (2287) Kavala 2015}) 15. Bxa4 Ne7 {[%cal Bc6e7,Be7g6,Bg6f4][%mdl 32]} 16. Bb3 Bxb3 17. Nxb3 Qc8 18. Bg5 Ng6 19. Ra5 Qg4 20. h3 Qe6 21. Nfd2 {[%cal Bf3d2,Bd2c4,Bc4e3][%mdl 32]} h6 22. Bxf6 $1 Nf4 23. Qf3 (23. Qf1 $142 {Black must now prevent Bh4.} Qxf6 24. Rea1) 23... Qxf6 $16 24. Rea1 Be7 25. Nc4 (25. g3 $5 {[%cal Rg3f4]} Nxh3+ 26. Kg2 $16) 25... Qe6 26. Nbd2 ({Don't play} 26. Nxe5 $6 Qxb3 27. Qxf4 Qxc3 $11) 26... f6 27. Ne3 c6 28. Rxa6 Rxa6 29. Rxa6 Rd8 30. Ndc4 Qc8 31. Ra7 Bf8 32. Kh2 Rd3 33. Ra3 h5 {[#]} (33... Qd7 $11) 34. h4 (34. Nb2 $1 $16 {[%cal Rb2d3]} Rd8 35. Nec4) 34... Qe6 $11 {The position is equal.} 35. Nb2 Rd2 $1 {[%cal Rd2b2]} 36. Nbc4 Rd3 37. Nb2 Rd2 $1 {[%cal Rd2b2]} 38. Nbc4 {Precision: White = 67%, Black = 77%.} 1/2-1/2

[Event "Elitserien Allsvenskan 2017-18"]
[Site "Lund"]
[Date "2017.10.22"]
[Round "3"]
[White "Smith, Axel"]
[Black "Lyrberg, Patrik"]
[Result "1/2-1/2"]
[WhiteElo "2509"]
[BlackElo "2460"]
[Annotator "TA"]
[PlyCount "98"]
[EventDate "2017.??.??"]
[EventCountry "SWE"]
[SourceTitle "playchess.com"]
[Source "ChessBase"]
[SourceQuality "1"]

{[%evp 19,98,22,35,15,24,21,22,17,21,24,24,24,36,34,36,29,37,30,41,29,36,-21,0,-14,-7,-32,-25,-53,-5,-43,-44,-41,-46,-52,-46,-45,-47,-44,-22,-21,-25,-25,-23,-22,-19,-20,-20,-16,-10,-16,-23,-36,-25,-25,-2,-2,-2,-8,0,0,0,0,0,0,0,0,0,0,0,0,0,0,0,0,0,0,0,0,0,0,0]} 1. Nf3 c6 2. c4 d5 3. e3 Nf6 4. Nc3 g6 5. d4 Bg7 6. Be2 O-O 7. O-O Ne4 8. Qb3 Nxc3 {D94: Grünfeld: 4 Nf3 Bg7 5 e3} (8... dxc4 9. Bxc4 Nd6 10. Be2 Nd7 11. e4 c5 12. Rd1 cxd4 13. Nxd4 Nc5 14. Qc2 Bd7 15. Be3 Rc8 16. Qb1 Qe8 17. Nb3 Nxb3 18. axb3 a6 19. Ra5 Bc6 20. f3 Nb5 21. Nxb5 axb5 22. b4 Rd8 23. Ra3 {½-½ (23) Bacrot,E (2701)-Paehtz,E (2474) Karlsruhe 2016}) 9. bxc3 b6 10. a4 Ba6 {LiveBook: 3 Games} 11. Re1 Bxc4 12. Bxc4 dxc4 13. Qxc4 Qd5 14. Qd3 c5 15. e4 Qd7 $146 ({Predecessor:} 15... Qb7 16. d5 {1-0 (51) Gnaedig,D-Melzer,G DDR 1976}) 16. d5 c4 17. Qc2 ({But not} 17. Qxc4 Rc8 $15) 17... Na6 18. Ba3 Rac8 19. Nd4 Rfe8 20. Nc6 ({White should play} 20. Red1 $14) 20... e6 $11 21. Rad1 Bf6 22. Rf1 exd5 23. exd5 Kg7 24. h3 Nc7 25. Nb4 a5 26. d6 axb4 27. dxc7 Qxc7 28. Bxb4 Re6 29. Rfe1 {White wants to play Rxe6.} Rce8 30. Rxe6 Rxe6 31. Qd2 Qc6 32. a5 bxa5 33. Bxa5 Qe8 34. Kf1 Qb8 35. Kg1 Qe5 36. Bb4 Qe2 (36... Re8 {seems wilder.} 37. Qa2 Qh5 38. f3 Qb5 39. Qf2 h5) 37. Qxe2 {The position is equal.} Rxe2 {[%mdl 4096] Endgame KRB-KRB} 38. Rc1 h5 39. Kf1 Rd2 40. Re1 Rd3 41. Re4 Bxc3 {[#] Threatens to win with ...Rd1+.} 42. Rxc4 Bxb4 (42... Be5 {is interesting.} 43. Bc5 g5 44. Ke2 Rb3 45. h4 g4) 43. Rxb4 {KR-KR} Rd2 44. h4 Ra2 45. g3 Rc2 46. Kg2 Ra2 47. Rb7 Rc2 48. Rd7 Ra2 49. Rb7 Rc2 {Precision: White = 80%, Black = 69%.} 1/2-1/2

[Event "Elitserien Allsvenskan 2017-18"]
[Site "Lund"]
[Date "2017.10.22"]
[Round "3"]
[White "Cuenca Jimenez, Jose Fernando"]
[Black "Aronsson, Marten"]
[Result "1-0"]
[WhiteElo "2490"]
[BlackElo "2326"]
[Annotator "TA"]
[PlyCount "107"]
[EventDate "2017.??.??"]
[EventCountry "SWE"]
[SourceTitle "playchess.com"]
[Source "ChessBase"]
[SourceQuality "1"]

{[%evp 19,107,51,77,51,53,58,64,50,63,62,113,111,139,118,149,68,80,71,88,52,108,67,54,50,50,45,95,50,83,52,195,208,213,219,218,211,218,213,215,208,312,283,278,300,295,294,259,239,382,359,557,558,1097,1120,1001,721,5039,749,732,722,676,646,1676,1594,2368,2301,2294,833,1182,1077,6500,5951,3306,1901,29971,29971,29972,29972,29973,29974,29973,29975,29976,29975,29977,29977,29980,29981,29981,29980]} 1. c4 c5 2. Nf3 Nc6 3. d4 cxd4 4. Nxd4 Nf6 5. Nc3 g6 6. e4 d6 7. Be2 Bg7 8. Be3 O-O 9. O-O Nxd4 10. Bxd4 Be6 {LiveBook: 273 Games} 11. Qd3 {B38: Sicilian: Maroczy Bind with 5...Bg7 and 7...0-0} (11. f4 Rc8 12. b3 Qa5 13. Rc1 a6 14. a4 Kh8 15. Kh1 Ng8 16. f5 Bd7 17. Nd5 Bxd4 18. Qxd4+ f6 19. b4 Qd8 {1-0 (31) Fressinet,L (2718)-Kempinski,R (2615) Germany 2010}) 11... Nd7 12. Bxg7 Kxg7 13. b3 {White is slightly better.} Qa5 14. f4 f5 $146 (14... Nf6 $14) ({Predecessor:} 14... Nf6 15. Kh1 Rad8 16. Kg1 Ra8 17. f5 Bd7 18. Nd5 Be6 19. Nc3 {½-½ (19) Bemporad,F (2061)-Vezzosi,P (2374) Ceriano Laghetto 2009}) 15. Bf3 Qb6+ 16. Kh1 Nf6 17. Nd5 (17. exf5 $16 Bxf5 18. Qe2) 17... Bxd5 $14 18. exd5 Rfe8 19. Rae1 a5 (19... Qb4 $14) 20. Re3 a4 21. Rfe1 axb3 22. axb3 {[%cal Ba2b3,Bb3b4][%mdl 32]} Kf8 23. h3 {[%cal Bh2h3,Bh3g4,Bg4g5][%mdl 32]} Ra2 24. g4 fxg4 ({Better is} 24... Qa5 $14) 25. hxg4 $18 {Threatens to win with g5.} Qa5 26. g5 Ra1 {[#]} 27. b4 $1 {[%cal Rb4a5]} Rxe1+ 28. Rxe1 Qxb4 29. Rb1 Qa5 (29... Qc5 {was worth a try.} 30. gxf6 Qf2) 30. gxf6 exf6 31. Kg2 ({Don't take} 31. Rxb7 $6 Re1+ 32. Kg2 Qa2+ 33. Kh3 Qf2 $18) 31... Re7 32. Qd4 Kf7 33. Bg4 f5 (33... Rc7 $142 34. Rb2 h5) 34. Bf3 Qa2+ (34... h5 $142 35. Ra1 Qd8) 35. Rb2 Qa1 36. c5 Qa7 37. Rc2 dxc5 38. Qc4 (38. Rxc5 $142 Qa2+ 39. Kg3) 38... b5 39. Qxb5 Qc7 40. Qc4 {[#] Intending d6+ and mate.} Qd6 41. Ra2 g5 42. fxg5 Kg7 43. Qa6 (43. Ra6 $142 Qe5 44. d6) 43... Qg6 44. Qxg6+ Kxg6 {[%mdl 4096] Endgame KRB-KR} 45. d6 Rd7 46. Rd2 c4 47. Bd1 {White mates.} c3 48. Rd3 Kxg5 49. Ba4 c2 50. Bxc2 Rd8 51. d7 Kf6 52. Ba4 f4 53. Kf3 Ke7 54. Rd4 {Precision: White = 57%, Black = 25%.} 1-0

[Event "Elitserien Allsvenskan 2017-18"]
[Site "Lund"]
[Date "2017.10.22"]
[Round "3"]
[White "Carlsson, Pontus"]
[Black "Livner, Anders"]
[Result "1/2-1/2"]
[WhiteElo "2449"]
[BlackElo "2364"]
[Annotator "TA"]
[PlyCount "45"]
[EventDate "2017.??.??"]
[EventCountry "SWE"]
[SourceTitle "playchess.com"]
[Source "ChessBase"]
[SourceQuality "1"]

{[%evp 35,45,0,0,0,0,0,0,0,0,0,0,0]} 1. e4 c6 2. d4 d5 3. Nd2 dxe4 4. Nxe4 Bf5 5. Ng3 Bg6 6. h4 h6 7. Nf3 Nd7 8. h5 Bh7 9. Bd3 Bxd3 10. Qxd3 e6 11. Bd2 Ngf6 {[%cal Bg8f6,Bf6d5,Bd5c3][%mdl 32]} 12. O-O-O Be7 13. Qe2 O-O 14. Nf1 {B19: Classical Caro-Kann: 4...Bf5 main line} c5 15. g4 {[%cal Bg2g4,Bg4g5][%mdl 32]} cxd4 16. g5 Nd5 17. gxh6 Qb6 18. Rg1 {[#]} Ba3 $1 {[%csl Ga3][%cal Rb6b2][%mdl 512] LiveBook: 13 Games. The position is equal.} 19. Rxg7+ (19. bxa3 Nc3) 19... Kh8 {[%csl Ga3][%cal Rb6b2]} 20. bxa3 Nc3 $1 {[%cal Rc3e2]} 21. Rh7+ $146 (21. Bxc3 dxc3 22. Rh7+ Kg8 23. Rg7+ Kh8 24. Rh7+ Kg8 25. Rg7+ Kh8 26. Rh7+ {½-½ (26) Balogh,C (2644)-Vallejo Pons,F (2695) Legnica 2013}) 21... Kg8 $1 {[%cal Rc3e2]} 22. Rg7+ Kh8 {[%cal Rc3e2] [#]} 23. Rh7+ 1/2-1/2